书目信息 |
| 题名: |
变压器和互感器的电路计算与相量交换
|
|
| 作者: | 刘淑华 著 | |
| 分册: | ||
| 出版信息: | 北京 水力电力出版社 1978 |
|
| 页数: | 319页 | |
| 开本: | 20cm | |
| 丛书名: | ||
| 单 册: | ||
| 中图分类: | TM4 | |
| 科图分类: | ||
| 主题词: | 互感器--计算 , 变压器--计算 , 电抗器 , 变压器 , 变流器 | |
| 电子资源: | ||
| ISBN: | ||
| 000 | 00715nam0 2200265 45 | |
| 001 | 0178001764 | |
| 005 | 20060814154108.70 | |
| 010 | @dCNY1.00 | |
| 091 | @a15143.3343 | |
| 100 | @a19950811d1978 em y0chiy0121 ea | |
| 101 | 0 | @achi |
| 102 | @aCN@b110000 | |
| 105 | @ay z 000yy | |
| 200 | 10 | @a变压器和互感器的电路计算与相量交换@Abian ya qi he hu gan qi de dian lu ji suan yu xiang liang jiaohuan@f刘淑华著 |
| 210 | @a北京@c水力电力出版社@d1978 | |
| 215 | @a319页@d20cm | |
| 606 | @a互感器@x计算 | |
| 606 | @a变压器@x计算 | |
| 606 | 0 | @a电抗器 |
| 606 | 0 | @a变压器 |
| 606 | 0 | @a变流器 |
| 690 | @aTM4 | |
| 701 | 0 | @a刘淑华@Aliu shu hua@4著 |
| 801 | 0 | @aCN@bNLC@c20060814 |
| 905 | @f1@b11716@dTM4@e21 | |
| 变压器和互感器的电路计算与相量交换/刘淑华著.-北京:水力电力出版社,1978 |
| 319页;20cm |
| ISBN :CNY1.00 |
| ● |
| 相关链接 |
|
|
|
|
正题名:变压器和互感器的电路计算与相量交换
索取号:TM4/21
 
预约/预借
| 序号 | 登录号 | 条形码 | 馆藏地/架位号 | 状态 | 备注 |
| 1 | 0011715 | 001345360 | 第二样本阅览室/ [索取号:TM4/21] | 在馆 | |
| 2 | 0011716 | 001345324 | 第三借阅区/ [索取号:TM4/21] | 在馆 | |
| 3 | 0437330 | 204373301 | 密集书库/ [索取号:TM4/21] | 在馆 | |
| 4 | 0458240 | 204582406 | 密集书库/ [索取号:TM4/21] | 在馆 |